000 00479nam a2200181Ia 4500
003 GCL
008 140319s9999 xx 000 0 eng d
040 _aGCL /
_cGCL
082 0 4 _a616.079
_bM A
100 1 _aMCMINN, R.M.H
245 1 0 _aA COLOUR ATLAS OF HUMAN ANATOMY: SECOND EDITION /
_cMCMINN, R.M.H
700 1 _aHUTCHINGS, R.T
260 _a[S.N] :
_bWOLFE PUBLISHING ،
_c1992
300 _a358 P
650 0 4 _aATLASES
650 0 4 _aHUMAN - ANATOMY
942 _2ddc
_cBK
999 _c17006
_d17006